<?xml version="1.0" encoding="UTF-8"?>
<record
    xmlns:xsi="http://www.w3.org/2001/XMLSchema-instance"
    xsi:schemaLocation="http://www.loc.gov/MARC21/slim http://www.loc.gov/standards/marcxml/schema/MARC21slim.xsd"
    xmlns="http://www.loc.gov/MARC21/slim">

  <leader>01193cam a2200301 i 4500</leader>
  <datafield tag="999" ind1=" " ind2=" ">
    <subfield code="c">8029</subfield>
    <subfield code="d">8029</subfield>
  </datafield>
  <controlfield tag="003">OSt</controlfield>
  <controlfield tag="005">20250627131019.0</controlfield>
  <controlfield tag="008">241122s2024    spcao||g |b|| 000 0bcat|c</controlfield>
  <datafield tag="020" ind1=" " ind2=" ">
    <subfield code="a">9788491565963</subfield>
  </datafield>
  <datafield tag="040" ind1=" " ind2=" ">
    <subfield code="c">CDMR</subfield>
    <subfield code="b">cat</subfield>
  </datafield>
  <datafield tag="100" ind1="1" ind2=" ">
    <subfield code="a">Masllorens, &#xC0;lex,</subfield>
  </datafield>
  <datafield tag="245" ind1="1" ind2="4">
    <subfield code="a">Els Papers de Tierno Galv&#xE1;n :</subfield>
    <subfield code="b">la rivalitat Madrid-Barcelona dels primers ajuntaments democr&#xE0;tics /</subfield>
    <subfield code="c">&#xC0;lex Masllorens</subfield>
  </datafield>
  <datafield tag="264" ind1=" " ind2="1">
    <subfield code="a">Barcelona :</subfield>
    <subfield code="b">Ajuntament de Barcelona :</subfield>
    <subfield code="b">Fundaci&#xF3; Catalunya Europa,</subfield>
    <subfield code="c">2024</subfield>
  </datafield>
  <datafield tag="300" ind1=" " ind2=" ">
    <subfield code="a">286 p&#xE0;gines :</subfield>
    <subfield code="b">il&#xB7;lustracions en color i blanc i negre ;</subfield>
    <subfield code="c">24 cm</subfield>
  </datafield>
  <datafield tag="490" ind1="0" ind2=" ">
    <subfield code="a">Barcelona Ciutat i barris</subfield>
  </datafield>
  <datafield tag="504" ind1=" " ind2=" ">
    <subfield code="a">Bibliografia: p&#xE0;gines [283]-286</subfield>
  </datafield>
  <datafield tag="600" ind1="1" ind2="7">
    <subfield code="a">Tierno Galv&#xE1;n, Enrique,</subfield>
    <subfield code="d">1918-1986.</subfield>
  </datafield>
  <datafield tag="600" ind1="1" ind2="7">
    <subfield code="a">Serra, Narc&#xED;s,</subfield>
    <subfield code="d">1943-.</subfield>
  </datafield>
  <datafield tag="600" ind1="1" ind2="7">
    <subfield code="a">Maragall, Pasqual,</subfield>
    <subfield code="d">1941-.</subfield>
  </datafield>
  <datafield tag="610" ind1="1" ind2="7">
    <subfield code="a">Partido Socialista Obrero Espa&#xF1;ol.</subfield>
  </datafield>
  <datafield tag="650" ind1=" " ind2="7">
    <subfield code="a">Alcaldes</subfield>
    <subfield code="z">Madrid</subfield>
    <subfield code="y">S. XX</subfield>
    <subfield code="v">Biografia.</subfield>
  </datafield>
  <datafield tag="650" ind1=" " ind2="7">
    <subfield code="a">Democr&#xE0;cia</subfield>
    <subfield code="z">Espanya.</subfield>
  </datafield>
  <datafield tag="651" ind1=" " ind2="7">
    <subfield code="a">Barcelona (Catalunya)</subfield>
    <subfield code="x">Relacions</subfield>
    <subfield code="z">Madrid.</subfield>
  </datafield>
  <datafield tag="651" ind1=" " ind2="7">
    <subfield code="a">Madrid (Madrid)</subfield>
    <subfield code="x">Relacions</subfield>
    <subfield code="z">Catalunya</subfield>
    <subfield code="z">Barcelona.</subfield>
  </datafield>
  <datafield tag="651" ind1=" " ind2="7">
    <subfield code="a">Barcelona (Catalunya)</subfield>
    <subfield code="x">Pol&#xED;tica i govern</subfield>
    <subfield code="y">S. XX</subfield>
  </datafield>
  <datafield tag="651" ind1=" " ind2="7">
    <subfield code="a">Madrid (Madrid)</subfield>
    <subfield code="x">Pol&#xED;tica i govern</subfield>
    <subfield code="y">S. XX.</subfield>
  </datafield>
  <datafield tag="942" ind1=" " ind2=" ">
    <subfield code="2">udc</subfield>
    <subfield code="c">MON</subfield>
  </datafield>
  <datafield tag="952" ind1=" " ind2=" ">
    <subfield code="0">0</subfield>
    <subfield code="1">0</subfield>
    <subfield code="4">0</subfield>
    <subfield code="7">0</subfield>
    <subfield code="a">CDMR</subfield>
    <subfield code="b">CDMR</subfield>
    <subfield code="d">2025-06-27</subfield>
    <subfield code="e">Donaci&#xF3;</subfield>
    <subfield code="g">18.00</subfield>
    <subfield code="l">0</subfield>
    <subfield code="o">Dk 6/26</subfield>
    <subfield code="p">CDMR25061261</subfield>
    <subfield code="r">2025-06-27</subfield>
    <subfield code="w">2025-06-27</subfield>
    <subfield code="y">MON</subfield>
  </datafield>
</record>
